000 01223cam a2200241 a 4500
005 20160420163932.0
008 971016s1996 ck r 10010 spa d
040 _ala
_cla
_dCO-BoIAVH
041 0 _aspa
044 _ack
082 0 4 _a333.72
_bE52p
111 2 _aEncuentro de Periodistas para la Conservación de la Biodiversidad (
_d: 1995 :
_cBuga)
245 1 0 _aProceso de formación a periodistas :
_bMemorias del II encuentro de periodistas para la conservacón de la biodiversidad /
_ceditado por María Margarita Gaitán Uribe, Nubia Patricia Castro R. y Liliana Flórez Bernal. ; dirección técnica Juan Manuel Navarrete R.
260 _aSanta Fe de Bogotá :
_bProyecto Biopacífico, Ministerio del Medio Ambiente,
_c1996.
300 _a149, 15 páginas ;
_c27 x 21 centímetros
504 _aIncluye referencias bibliográficas.
650 1 6 _aProtección ambiental
_z Colombia
_v Congresos, conferencias, etc..
650 2 6 _aBiodiversidad
_z Colombia
_v Congresos, conferencias, etc..
700 1 _aGaitán Uribe, María Margarita,
_eeditora
700 1 _aCastro R., Nubia Patricia,
_eeditora
700 1 _aFlórez Bernal, Liliana,
_eeditora
942 _2ddc
_cLIBRO
999 _c239
_d239